Quizz sur la France - Statistiques

Statistiques générales
  • Ce quiz a été pris 217 fois
  • Le résultat moyen est 7 sur 11
Statistiques - réponses
Hint Réponse % Correct
Combien de Républiques Françaises dans l'histoire ? 5
98%
Combien y a-t-il eu de films Taxi ? 5
98%
Nombres de présidents de la Vème République 8
91%
Combien de frontières terrestres pour la Métropole ? 8
91%
Quelle est l'année de la Révolution Française ? 1789
86%
Combien de départements en France ? (En tant que circonscriptions administratives) 101
70%
Quel était le dernier roi à s'appeler Henri ? Henri IV
62%
Quelle année Napoléon Ier a quitté définitivement le pouvoir ? 1815
53%
Doyenne de l'humanité avec le record de longévité de l'histoire Jeanne Calment
44%
Prénom du président de la République « ___ Grévy » Jules
38%
Quelle est la durée du règne de Louis XIV ? 72 ans
16%
Aucun quiz correspondant
Distribution des résultats
% des personnes avec chaque résultat
Percentile par nombre de réponses
Votre historique - résultats
Vous n’avez pas pris ce quiz